000 00635nam a22002057a 4500
999 _c5350
_d5350
003 AR-CdUCM
008 190312b ||||| |||| 00| 0 spa d
040 _aMUNICIPALIDAD PROVINCIAL DEL CUSCO
_cBIBLIOTECA MUNICIPAL DEL CUSCO
082 _a985.2 /
_bR68
100 _aRivera Tosi, Juan
_916150
245 _aLima :
_bApuntes y Biografia de una vieja ciudad /
260 _aPerú :
_bConcytec ,
_c1990
300 _a38 páginas ;
_c20.5 cm.
500 _aHistoria general de Lima
650 _aHistoria de Lima
_915129
650 _aHistoria del Perú
_9259
650 _aCiudad de Lima
_916151
942 _2ddc
_cLIBROS
945 _artm